[Event "7. Bayerische Meisterschaft 2003"]
[Site "Bad Wiessee"]
[Date "2003.11.08"]
[Round "1"]
[White "Gasthofer, Viktor"]
[Black "Doettling, Gustav"]
[Result "1-0"]
[WhiteElo "2295"]
[BlackElo "1991"]
[PlyCount "41"]
[EventDate "2003.11.08"]

1. c4 c5 2. Nf3 b6 3. g3 Bb7 4. Bg2 Nf6 5. O-O e6 6. Nc3 a6 7. b3 Be7 8. Bb2 d6
9. d4 cxd4 10. Nxd4 Bxg2 11. Kxg2 Qc7 12. e3 Nbd7 13. f4 O-O 14. Qf3 Rad8 15.
g4 g6 16. Nc6 Rde8 17. Rad1 Nb8 18. Nxe7+ Rxe7 19. g5 Nh5 20. Ne4 Rd7 21. Qxh5
1-0

[Event "7. Bayerische Meisterschaft 2003"]
[Site "Bad Wiessee"]
[Date "2003.11.08"]
[Round "1"]
[White "Schuette, Manfred"]
[Black "Willin, Bernhard"]
[Result "1-0"]
[WhiteElo "2291"]
[BlackElo "1990"]
[PlyCount "30"]
[EventDate "2003.11.08"]

1. c4 e5 2. Nc3 d6 3. Nf3 Nd7 4. g3 g6 5. Bg2 c6 6. O-O Bg7 7. d4 Ne7 8. e4 O-O
9. Be3 Re8 10. Qd2 Qc7 11. b3 Nf8 12. h3 a6 13. Rfd1 Bd7 14. dxe5 dxe5 15. Bc5
Nc8 1-0

[Event "7. Bayerische Meisterschaft 2003"]
[Site "Bad Wiessee"]
[Date "2003.11.08"]
[Round "1"]
[White "Schmitzer, Heinrich"]
[Black "Giemsa, Stephan"]
[Result "0-1"]
[WhiteElo "1984"]
[BlackElo "2290"]
[PlyCount "58"]
[EventDate "2003.11.08"]

1. c4 e6 2. e4 d5 3. cxd5 exd5 4. exd5 Nf6 5. Nc3 Nxd5 6. Bc4 Nb6 7. Bb3 Be7 8.
Nf3 O-O 9. O-O Nc6 10. h3 Bf5 11. d4 Na5 12. Bc2 Bxc2 13. Qxc2 Nc6 14. Be3 Nb4
15. Qb3 a5 16. a3 a4 17. Qd1 N4d5 18. Nxd5 Qxd5 19. Qc2 Bd6 20. Rac1 Rae8 21.
Ng5 f5 22. Qd3 Rf6 23. Rfd1 Rg6 24. Kf1 f4 25. Nf3 fxe3 26. fxe3 Qe4 27. Rc3
Nd5 28. Qxe4 Rxe4 29. Rcd3 Nxe3+ 0-1

[Event "7. Bayerische Meisterschaft 2003"]
[Site "Bad Wiessee"]
[Date "2003.11.08"]
[Round "1"]
[White "Abeln, Michiel"]
[Black "Straßer, Josef"]
[Result "1-0"]
[WhiteElo "2288"]
[BlackElo "1984"]
[PlyCount "48"]
[EventDate "2003.11.08"]

1. d4 Nf6 2. c4 e6 3. Nc3 Bb4 4. e3 O-O 5. Bd3 d5 6. Nf3 b6 7. O-O Bb7 8. Bd2
Nbd7 9. cxd5 exd5 10. Ne5 Re8 11. f4 Bxc3 12. Bxc3 a6 13. Rc1 c5 14. Be1 Ne4
15. Qh5 Rf8 16. Nxd7 Qxd7 17. Bxe4 dxe4 18. dxc5 bxc5 19. Rxc5 Rac8 20. Rxc8
Rxc8 21. Bc3 Kh8 22. Rd1 Qe7 23. Qg4 Qf8 24. Rd7 Ba8 1-0

[Event "7. Bayerische Meisterschaft 2003"]
[Site "Bad Wiessee"]
[Date "2003.11.08"]
[Round "1"]
[White "Pluemer, Detlef"]
[Black "Kluegel, Jan"]
[Result "0-1"]
[WhiteElo "2284"]
[BlackElo "1977"]
[PlyCount "79"]
[EventDate "2003.11.08"]

1. d4 Nf6 2. c4 e6 3. Nf3 d5 4. Nc3 Bb4 5. cxd5 Nxd5 6. Bd2 O-O 7. Rc1 Nxc3 8.
Bxc3 Be7 9. b4 c6 10. e4 Nd7 11. Bc4 Bg5 12. Rc2 Bf4 13. g3 Bh6 14. O-O Nf6 15.
Qe2 Ne8 16. Ne5 Nd6 17. f4 Nxc4 18. Qxc4 g6 19. b5 cxb5 20. Qxb5 a6 21. Qb2 b5
22. Ng4 Bg7 23. d5 f6 24. Rd1 exd5 25. Nf2 Bb7 26. exd5 Rc8 27. Rcd2 Rc4 28.
Rd4 Qc8 29. Rxc4 Qxc4 30. Rd4 Qc7 31. Ng4 f5 32. Ne5 Bxe5 33. fxe5 Qxe5 34. Qb3
Qe3+ 35. Kg2 Qe2+ 36. Kh3 Bc8 37. Rf4 g5 38. Qb4 gxf4 39. Qd4 Qg4+ 40. Kg2 0-1

[Event "7. Bayerische Meisterschaft 2003"]
[Site "Bad Wiessee"]
[Date "2003.11.08"]
[Round "1"]
[White "Van den Berkmortel, Theo"]
[Black "Eschle, Hubert"]
[Result "1-0"]
[WhiteElo "2274"]
[BlackElo "1975"]
[PlyCount "55"]
[EventDate "2003.11.08"]

1. d4 Nf6 2. g3 g6 3. Bg2 Bg7 4. e4 d6 5. Ne2 O-O 6. O-O e5 7. Nbc3 Nc6 8. dxe5
Nxe5 9. f4 Nc6 10. h3 Re8 11. Be3 h5 12. Qd2 Bd7 13. Rad1 a6 14. Nd4 Qe7 15.
Rfe1 Qf8 16. Kh2 Re7 17. e5 dxe5 18. Nxc6 bxc6 19. Bc5 h4 20. Bxe7 hxg3+ 21.
Kh1 Qxe7 22. fxe5 Ng4 23. Qxd7 Nf2+ 24. Kg1 Qc5 25. Qd4 Qa5 26. Bxc6 Rb8 27.
Qe3 Bf8 28. Rd5 1-0

[Event "7. Bayerische Meisterschaft 2003"]
[Site "Bad Wiessee"]
[Date "2003.11.08"]
[Round "1"]
[White "Zieger, Bernd"]
[Black "Deglmann, Ludwig"]
[Result "0-1"]
[WhiteElo "1959"]
[BlackElo "2263"]
[PlyCount "72"]
[EventDate "2003.11.08"]

1. e4 d6 2. d4 Nf6 3. Nc3 e5 4. dxe5 dxe5 5. Qxd8+ Kxd8 6. Bg5 Bd6 7. Bc4 Be6
8. Bxe6 fxe6 9. O-O-O Ke7 10. Nge2 Nbd7 11. f3 a6 12. g4 b5 13. Be3 Rhf8 14.
Rdf1 Bc5 15. Bxc5+ Nxc5 16. Ng3 Nfd7 17. g5 Nb6 18. Nce2 Nc4 19. f4 exf4 20.
Nxf4 Ne5 21. b4 Rxf4 22. bxc5 Rxf1+ 23. Rxf1 Rf8 24. Rxf8 Kxf8 25. Kb2 Nf3 26.
Kb3 g6 27. Kb4 Ke7 28. c4 bxc4 29. Kxc4 Kd7 30. Kb4 Kc6 31. Ka5 Kb7 32. a4 Nxg5
33. c6+ Ka7 34. e5 Nf3 35. Ne4 Nxe5 36. Ng5 Nxc6# 0-1

[Event "7. Bayerische Meisterschaft 2003"]
[Site "Bad Wiessee"]
[Date "2003.11.09"]
[Round "2"]
[White "Roemhild, Marcus"]
[Black "Rozentalis, Eduardas"]
[Result "0-1"]
[WhiteElo "2200"]
[BlackElo "2633"]
[PlyCount "62"]
[EventDate "2003.11.08"]

1. e4 e6 2. d4 d5 3. Nc3 Bb4 4. Nge2 Nc6 5. e5 f6 6. Nf4 Qe7 7. Bb5 fxe5 8.
Qh5+ Qf7 9. Qxe5 Bd6 10. Qe3 Nge7 11. Nce2 O-O 12. Bxc6 Nxc6 13. Nd3 b6 14. f4
Ba6 15. Bd2 Ne7 16. O-O Nf5 17. Qh3 c5 18. dxc5 bxc5 19. Rae1 Qg6 20. Rf3 d4
21. Ng3 Bb7 22. Rff1 c4 23. Nxf5 Rxf5 24. Nc1 Bd5 25. Qg3 Rb8 26. Qxg6 hxg6 27.
Ne2 Bc5 28. Ng3 Rxb2 29. Nxf5 gxf5 30. Bc1 Rxc2 31. Rf2 d3 0-1

[Event "7. Bayerische Meisterschaft 2003"]
[Site "Bad Wiessee"]
[Date "2003.11.09"]
[Round "2"]
[White "Khenkin, Igor"]
[Black "Horstmann, Olaf"]
[Result "1-0"]
[WhiteElo "2627"]
[BlackElo "2197"]
[PlyCount "59"]
[EventDate "2003.11.08"]

1. d4 f5 2. g3 Nf6 3. Bg2 e6 4. c4 d5 5. Nh3 c6 6. Qc2 Bd6 7. O-O O-O 8. Bf4
Be7 9. a3 a5 10. Nd2 Na6 11. Nf3 Ne4 12. Ne5 g5 13. Be3 Bd7 14. Bxe4 fxe4 15.
Bxg5 Bxg5 16. Nxg5 Qxg5 17. Nxd7 Rf5 18. Qb3 Rf7 19. Ne5 Rg7 20. f4 Qh5 21.
cxd5 exd5 22. f5 Rf8 23. f6 Rg5 24. Nd7 a4 25. Qxb7 Qh3 26. Rf2 e3 27. Rg2 Rd8
28. f7+ Kxf7 29. Ne5+ Kg8 30. Qf7+ 1-0

[Event "7. Bayerische Meisterschaft 2003"]
[Site "Bad Wiessee"]
[Date "2003.11.09"]
[Round "2"]
[White "Herges, Udo"]
[Black "Eingorn, Vereslav S"]
[Result "0-1"]
[WhiteElo "2193"]
[BlackElo "2607"]
[PlyCount "54"]
[EventDate "2003.11.08"]

1. e4 c5 2. Nf3 e6 3. d3 d5 4. Qe2 Nc6 5. g3 b6 6. Bg2 Bb7 7. c3 Nf6 8. e5 Nd7
9. O-O Be7 10. h4 h6 11. Re1 g5 12. h5 Qc7 13. Bh3 d4 14. Na3 Rd8 15. Bd2 dxc3
16. bxc3 Ndb8 17. Nb5 Qd7 18. Bf1 a6 19. Na3 Na5 20. c4 g4 21. Nh2 Qc6 22. f3
gxf3 23. Qf2 Rg8 24. Bxh6 Bh4 25. Bf4 Rd4 26. Re4 Rxe4 27. dxe4 Qxe4 0-1

[Event "7. Bayerische Meisterschaft 2003"]
[Site "Bad Wiessee"]
[Date "2003.11.09"]
[Round "2"]
[White "Fridman, Daniel"]
[Black "Weidlich, Guenter"]
[Result "0-1"]
[WhiteElo "2592"]
[BlackElo "2188"]
[PlyCount "67"]
[EventDate "2003.11.08"]

1. d4 Nf6 2. Nf3 d6 3. g3 Nbd7 4. Bg2 e5 5. c4 c6 6. Nc3 Be7 7. O-O O-O 8. Qc2
Qc7 9. b3 Re8 10. Bb2 Bf8 11. e4 b6 12. d5 c5 13. Ne1 a6 14. Nd3 b5 15. cxb5
axb5 16. Nxb5 Qa5 17. a4 Ba6 18. Na3 Bxd3 19. Qxd3 Nb6 20. Bc3 Qa6 21. Qxa6
Rxa6 22. Rfe1 Rb8 23. Bf1 Ra7 24. Nb5 Rd7 25. f3 Ne8 26. a5 Nc8 27. Reb1 Na7
28. Nxa7 Rxa7 29. b4 cxb4 30. Rxb4 Rxb4 31. Bxb4 Nc7 32. Be1 Na6 33. Bxa6 Rxa6
34. Rc1 0-1

[Event "7. Bayerische Meisterschaft 2003"]
[Site "Bad Wiessee"]
[Date "2003.11.09"]
[Round "2"]
[White "Minnican, Alan"]
[Black "Burmakin, Vladimir"]
[Result "1/2-1/2"]
[WhiteElo "2191"]
[BlackElo "2590"]
[PlyCount "101"]
[EventDate "2003.11.08"]

1. d4 d5 2. Nc3 c6 3. Bg5 h6 4. Bh4 Bf5 5. e3 Nd7 6. Bd3 Bxd3 7. cxd3 Qb6 8.
Rb1 e6 9. Nf3 Ne7 10. Bxe7 Bxe7 11. O-O a5 12. b3 Ba3 13. Ne1 O-O 14. f4 c5 15.
Na4 Qd6 16. dxc5 Nxc5 17. Nxc5 Qxc5 18. Nc2 Bb4 19. Rf2 Rfc8 20. Qf3 Qd6 21.
Nxb4 axb4 22. d4 f6 23. Re1 Rc3 24. g4 Rf8 25. h4 Qd8 26. Rg2 e5 27. Rd1 exf4
28. Qxf4 Qe7 29. Re1 Re8 30. g5 fxg5 31. hxg5 h5 32. g6 Rxe3 33. Rf1 Rf8 34.
Qxf8+ Qxf8 35. Rxf8+ Kxf8 36. Rg5 h4 37. Rxd5 Rg3+ 38. Kh2 Rxg6 39. Kh3 Rh6 40.
Rb5 b6 41. Rxb4 g5 42. Rc4 Re6 43. Kg4 Re2 44. Kxg5 h3 45. Rc8+ Ke7 46. Rh8 h2
47. a4 Kd6 48. Kf5 Kd5 49. Rd8+ Kc6 50. Rh8 Kd5 51. Rd8+ 1/2-1/2

[Event "7. Bayerische Meisterschaft 2003"]
[Site "Bad Wiessee"]
[Date "2003.11.09"]
[Round "2"]
[White "Landa, Konstantin"]
[Black "Achenbach, Manfred"]
[Result "1-0"]
[WhiteElo "2587"]
[BlackElo "2186"]
[PlyCount "79"]
[EventDate "2003.11.08"]

1. e4 c5 2. Nf3 d6 3. d4 cxd4 4. Nxd4 Nf6 5. Nc3 a6 6. Be3 e5 7. Nb3 Be7 8. f3
Be6 9. Qd2 Nbd7 10. g4 b5 11. g5 Nh5 12. Rg1 Nb6 13. Nd5 Nxd5 14. exd5 Bd7 15.
Na5 O-O 16. O-O-O Qc7 17. Bd3 g6 18. Be4 Rfe8 19. Qb4 Rec8 20. Kb1 Ng7 21. Qd2
Bf8 22. h4 Nf5 23. Bf2 Rab8 24. Qb4 Be7 25. Rg2 Bd8 26. Nc6 Bxc6 27. dxc6 Be7
28. Qb3 Rd8 29. h5 d5 30. Bxd5 Qxc6 31. Bxf7+ Kg7 32. Rh1 gxh5 33. Bxh5 Qc4 34.
Bg4 Nd4 35. Qxc4 bxc4 36. Bg3 Rb5 37. c3 Nc6 38. Bf5 Kg8 39. Bxh7+ Kg7 40. Be4
1-0

[Event "7. Bayerische Meisterschaft 2003"]
[Site "Bad Wiessee"]
[Date "2003.11.09"]
[Round "2"]
[White "Krulich, Roman"]
[Black "Sulskis, Sarunas"]
[Result "0-1"]
[WhiteElo "2186"]
[BlackElo "2586"]
[PlyCount "48"]
[EventDate "2003.11.08"]

1. e4 Nc6 2. Nf3 d5 3. exd5 Qxd5 4. d4 Bg4 5. Be2 O-O-O 6. c3 e5 7. c4 Qe4 8.
Nbd2 Bb4 9. d5 Nd4 10. Nxd4 exd4 11. f3 Bxf3 12. gxf3 Qh4+ 13. Kf1 d3 14. Bxd3
Qh3+ 15. Ke1 Re8+ 16. Be2 Qh4+ 17. Kf1 Bc5 18. Kg2 Qf2+ 19. Kh3 Rxe2 20. Qf1
Rxd2 21. Bxd2 Qxd2 22. b4 Qh6+ 23. Kg2 Qg5+ 24. Kh3 Nf6 0-1

[Event "7. Bayerische Meisterschaft 2003"]
[Site "Bad Wiessee"]
[Date "2003.11.09"]
[Round "2"]
[White "Weisenburger, Horst"]
[Black "Gavrikov, Viktor"]
[Result "0-1"]
[WhiteElo "2179"]
[BlackElo "2560"]
[PlyCount "38"]
[EventDate "2003.11.08"]

1. e4 g6 2. d4 Bg7 3. Nc3 c6 4. Be3 d6 5. Qd2 Nd7 6. f4 b5 7. e5 Nb6 8. b3 f6
9. Nf3 Nh6 10. a3 Ng4 11. h3 Nxe3 12. Qxe3 O-O 13. g4 fxe5 14. fxe5 dxe5 15.
Nxe5 c5 16. Nxb5 Qd5 17. O-O-O Qxh1 18. Be2 Qh2 19. Nf3 cxd4 0-1

[Event "7. Bayerische Meisterschaft 2003"]
[Site "Bad Wiessee"]
[Date "2003.11.09"]
[Round "2"]
[White "Golod, Vitali"]
[Black "Kick, Joachim"]
[Result "1-0"]
[WhiteElo "2544"]
[BlackElo "2176"]
[PlyCount "67"]
[EventDate "2003.11.08"]

1. e4 c5 2. Nf3 e6 3. d4 cxd4 4. Nxd4 Nf6 5. Nc3 d6 6. g4 h6 7. h4 Nc6 8. Rg1
d5 9. exd5 Nxd5 10. Nxd5 exd5 11. g5 hxg5 12. hxg5 Rh4 13. Be3 g6 14. Qd2 Bg7
15. Bb5 Bd7 16. Bxc6 bxc6 17. O-O-O Rb8 18. Bf4 Qb6 19. Qe3+ Kf8 20. Bxb8 Bxd4
21. Rxd4 Qxd4 22. Qa3+ Kg8 23. Bxa7 Qf4+ 24. Be3 Qh2 25. Rd1 Qb8 26. Qe7 Bf5
27. Qf6 Qb4 28. Bd4 Rh7 29. Qxc6 Be4 30. Qf6 Qb8 31. f3 Bf5 32. b3 Qf8 33. Kb2
Rh2 34. Rd2 1-0

[Event "7. Bayerische Meisterschaft 2003"]
[Site "Bad Wiessee"]
[Date "2003.11.09"]
[Round "2"]
[White "Roettgen, Juergen"]
[Black "Berelovich, Aleksandar"]
[Result "0-1"]
[WhiteElo "2176"]
[BlackElo "2540"]
[PlyCount "62"]
[EventDate "2003.11.08"]

1. d4 Nf6 2. c4 e6 3. Nc3 c5 4. d5 exd5 5. cxd5 d6 6. e4 g6 7. Bf4 Bg7 8. Qa4+
Bd7 9. Qb3 Qc7 10. Nf3 O-O 11. Nd2 Nh5 12. Be3 f5 13. exf5 gxf5 14. Be2 f4 15.
Bxc5 f3 16. Bxf3 Rxf3 17. Bxd6 Qxd6 18. Nxf3 Na6 19. O-O Nc5 20. Qc4 Nf4 21. g3
Rf8 22. Ng5 Bxc3 23. bxc3 b5 24. Ne4 Qg6 25. Qxc5 Nh3+ 26. Kg2 Qxe4+ 27. f3
Qe2+ 28. Rf2 Nxf2 29. Qxf2 Bh3+ 30. Kg1 Qxf3 31. Qxf3 Rxf3 0-1

[Event "7. Bayerische Meisterschaft 2003"]
[Site "Bad Wiessee"]
[Date "2003.11.09"]
[Round "2"]
[White "Jaenig, Reinhard"]
[Black "Schmaltz, Roland"]
[Result "0-1"]
[WhiteElo "2172"]
[BlackElo "2519"]
[PlyCount "76"]
[EventDate "2003.11.08"]

1. e4 c5 2. Nf3 e6 3. d4 cxd4 4. Nxd4 a6 5. Be2 Qc7 6. O-O Nf6 7. Nc3 d6 8. a4
b6 9. Be3 Bb7 10. f3 Nbd7 11. Nb3 Be7 12. Qe1 O-O 13. Qg3 Rfe8 14. Rfd1 Rac8
15. Nd2 Ne5 16. Qf2 Nfd7 17. f4 Nc6 18. Nc4 Nc5 19. Rd2 Nb4 20. Rad1 d5 21.
exd5 Nxd5 22. Nxd5 exd5 23. Rxd5 Bxd5 24. Rxd5 Nxa4 25. Ne5 Qxc2 26. Bxa6 Qxf2+
27. Kxf2 Rc2+ 28. Kf3 Nxb2 29. Bxb6 f6 30. Bb5 Rb8 31. Nd7 Ra8 32. Ke4 Rxg2 33.
Kf5 Kf7 34. Bc6 g6+ 35. Ke4 Ra3 36. Rb5 Re2+ 37. Kd5 Rd3+ 38. Bd4 Red2 0-1

[Event "7. Bayerische Meisterschaft 2003"]
[Site "Bad Wiessee"]
[Date "2003.11.09"]
[Round "2"]
[White "Doettling, Fabian"]
[Black "Bildat, Juergen"]
[Result "1-0"]
[WhiteElo "2519"]
[BlackElo "2168"]
[PlyCount "91"]
[EventDate "2003.11.08"]

1. d4 Nf6 2. Nf3 g6 3. c4 Bg7 4. Nc3 d5 5. cxd5 Nxd5 6. e4 Nxc3 7. bxc3 c5 8.
Be3 Qa5 9. Qd2 Nc6 10. Rb1 cxd4 11. cxd4 Qxd2+ 12. Kxd2 O-O 13. d5 Na5 14. Bd3
e6 15. Bc5 Rd8 16. Be7 Rd7 17. d6 a6 18. Rb6 Nc6 19. Rxc6 bxc6 20. Rb1 Bf8 21.
Bxf8 Kxf8 22. e5 Rb7 23. Rc1 Rb2+ 24. Ke3 Bd7 25. Ng5 h6 26. Nh7+ Ke8 27. Nf6+
Kd8 28. Rc4 a5 29. Rh4 h5 30. g4 Kc8 31. gxh5 gxh5 32. Rxh5 Kb7 33. Nxd7 Rxa2
34. Rh4 Rd8 35. Nc5+ Kb6 36. Na4+ Kb7 37. Rf4 Rf8 38. Nc5+ Kc8 39. d7+ Kc7 40.
Nxe6+ fxe6 41. Rxf8 Kxd7 42. Rf7+ Kd8 43. Rf6 Ke7 44. Rxe6+ Kxe6 45. Bc4+ Kxe5
46. Bxa2 1-0

[Event "7. Bayerische Meisterschaft 2003"]
[Site "Bad Wiessee"]
[Date "2003.11.09"]
[Round "2"]
[White "Schenk, Andreas"]
[Black "Skorna, Ullrich"]
[Result "1-0"]
[WhiteElo "2499"]
[BlackElo "2167"]
[PlyCount "73"]
[EventDate "2003.11.08"]

1. d4 e6 2. c4 Nf6 3. Nc3 Bb4 4. Qc2 O-O 5. a3 Bxc3+ 6. Qxc3 b6 7. Bg5 Bb7 8.
Nf3 d6 9. Nd2 h6 10. Bh4 Nbd7 11. f3 e5 12. e4 Re8 13. d5 Qe7 14. Qc2 Nf8 15.
Bf2 g5 16. Be2 Ng6 17. g3 Bc8 18. Nf1 Bh3 19. Ne3 Qd7 20. O-O-O Kh7 21. Kb1 Ng8
22. Bf1 N8e7 23. Qe2 Rf8 24. Ng4 Bxg4 25. fxg4 Kg7 26. Be3 Rh8 27. Qf3 h5 28.
gxh5 g4 29. h6+ Kf8 30. Qf6 Rh7 31. Be2 Ng8 32. Qg5 Nxh6 33. Rdf1 Ne7 34. h3
gxh3 35. Qh5 Neg8 36. g4 f6 37. Rxh3 1-0

[Event "7. Bayerische Meisterschaft 2003"]
[Site "Bad Wiessee"]
[Date "2003.11.09"]
[Round "2"]
[White "Enigl, Karl"]
[Black "Handke, Florian"]
[Result "0-1"]
[WhiteElo "2165"]
[BlackElo "2476"]
[PlyCount "106"]
[EventDate "2003.11.08"]

1. c4 e5 2. Nc3 Nf6 3. Nf3 Nc6 4. e4 Bb4 5. d3 d6 6. g3 h6 7. Bg2 Bg4 8. h3
Bxf3 9. Bxf3 Nd4 10. Bg2 a5 11. O-O c6 12. Ne2 Bc5 13. Nxd4 Bxd4 14. Qe2 Nd7
15. Rb1 Nc5 16. Kh2 O-O 17. f4 exf4 18. gxf4 f5 19. Bd2 Qf6 20. b3 Kh8 21. Qf3
Ne6 22. Qh5 Nc5 23. Qf3 Rae8 24. Rbe1 Qh4 25. exf5 Qf6 26. Qh5 Ra8 27. Be4 Qd8
28. f6 Qxf6 29. Re2 Rae8 30. Bg2 Rxe2 31. Qxe2 Bc3 32. Bxc3 Qxc3 33. Qe7 Qf6
34. Qxf6 Rxf6 35. Rf3 Ne6 36. Kg3 Nd4 37. Rf2 Kg8 38. Be4 g6 39. Rb2 Ne6 40. b4
a4 41. Rf2 a3 42. d4 Nxd4 43. Rd2 c5 44. bxc5 dxc5 45. Bxb7 Kg7 46. Bd5 Ra6 47.
Kf2 Rb6 48. Ke3 Rb1 49. Be4 Re1+ 50. Kd3 Kf6 51. Rg2 Nf5 52. Bxf5 Kxf5 53. Kd2
Rh1 0-1

[Event "7. Bayerische Meisterschaft 2003"]
[Site "Bad Wiessee"]
[Date "2003.11.09"]
[Round "2"]
[White "Shaw, John"]
[Black "Kneutgen, Alexander"]
[Result "1-0"]
[WhiteElo "2465"]
[BlackElo "2159"]
[PlyCount "97"]
[EventDate "2003.11.08"]

1. e4 e6 2. d4 d5 3. Nd2 Nf6 4. e5 Nfd7 5. c3 c5 6. Bd3 Nc6 7. Ne2 cxd4 8. cxd4
f6 9. exf6 Nxf6 10. Nf3 Bd6 11. O-O Qc7 12. Bg5 O-O 13. Bh4 Nh5 14. Qc2 h6 15.
Bh7+ Kh8 16. Bg6 Nf4 17. Nxf4 Bxf4 18. Bg3 Qd6 19. Rfe1 Bd7 20. Rad1 Bxg3 21.
hxg3 Be8 22. Bxe8 Raxe8 23. Qg6 Qd7 24. Ne5 Nxe5 25. Rxe5 Rf6 26. Qd3 Ref8 27.
f3 Rf5 28. Qa3 a6 29. Rde1 R8f6 30. R5e3 Kg8 31. Qc5 Rg5 32. g4 h5 33. gxh5
Rxh5 34. Rc1 Rhh6 35. Qc8+ Qxc8 36. Rxc8+ Rf8 37. Rxf8+ Kxf8 38. Rb3 b5 39. Ra3
Rh4 40. g4 Kf7 41. Rxa6 Rh8 42. Rb6 Ra8 43. a3 Ra4 44. Rxb5 Rxd4 45. Kf2 Kf6
46. Ke3 e5 47. b4 Rd1 48. Rb6+ Kg5 49. Re6 1-0

[Event "7. Bayerische Meisterschaft 2003"]
[Site "Bad Wiessee"]
[Date "2003.11.09"]
[Round "2"]
[White "Dietze, Frank-Heinz"]
[Black "Bromberger, Stefan"]
[Result "0-1"]
[WhiteElo "2158"]
[BlackElo "2448"]
[PlyCount "38"]
[EventDate "2003.11.08"]

1. d4 Nf6 2. c4 e6 3. Nf3 c5 4. d5 exd5 5. cxd5 d6 6. Nc3 g6 7. Bf4 Bg7 8. e3
O-O 9. Nd2 Nh5 10. Bg3 Na6 11. Be2 Nxg3 12. hxg3 Bd7 13. Nc4 Qe7 14. a4 Nc7 15.
Bd3 Bxc3+ 16. bxc3 Nxd5 17. Bxg6 fxg6 18. Qxd5+ Be6 19. Qe4 d5 0-1

[Event "7. Bayerische Meisterschaft 2003"]
[Site "Bad Wiessee"]
[Date "2003.11.09"]
[Round "2"]
[White "Papa, Severin"]
[Black "Hanisch, Pavel"]
[Result "1-0"]
[WhiteElo "2401"]
[BlackElo "2142"]
[PlyCount "61"]
[EventDate "2003.11.08"]

1. e4 c5 2. Nf3 d6 3. Bc4 Nc6 4. d3 Nf6 5. O-O e6 6. Bb3 Be7 7. c3 O-O 8. Re1
Rb8 9. Nbd2 Qc7 10. Nf1 b5 11. d4 cxd4 12. cxd4 d5 13. e5 Ne4 14. Ng3 Nxg3 15.
hxg3 Bd7 16. Bf4 Rbc8 17. Re2 Qb6 18. Bc2 f6 19. g4 fxe5 20. Bxe5 Be8 21. Rc1
Bg6 22. Bxg6 hxg6 23. Rec2 Qb7 24. Qd3 Kh7 25. a3 Bf6 26. Bxf6 gxf6 27. g5 e5
28. dxe5 Nxe5 29. Nxe5 fxe5 30. Rxc8 Rxc8 31. Qh3+ 1-0

[Event "7. Bayerische Meisterschaft 2003"]
[Site "Bad Wiessee"]
[Date "2003.11.09"]
[Round "2"]
[White "Kwossek, Georg"]
[Black "Hogenacker, Jacques"]
[Result "1-0"]
[WhiteElo "2110"]
[BlackElo "2296"]
[PlyCount "57"]
[EventDate "2003.11.08"]

1. e4 d6 2. Nf3 c5 3. d4 cxd4 4. Qxd4 Nc6 5. Bb5 Qa5+ 6. Nc3 Qxb5 7. Nxb5 Nxd4
8. Nfxd4 Kd8 9. c4 Nf6 10. f3 Bd7 11. Bd2 b6 12. O-O a6 13. Nc3 e6 14. Kh1 Be7
15. a4 Kc7 16. a5 bxa5 17. Na4 Bd8 18. Bxa5+ Kb7 19. Bb4 Bc7 20. Rfc1 Rhd8 21.
Nb3 Rab8 22. c5 Bxa4 23. Rxa4 d5 24. Na5+ Bxa5 25. c6+ Ka7 26. Bc5+ Ka8 27.
Rxa5 Rxb2 28. Rxa6+ Kb8 29. Bd6+ 1-0

[Event "7. Bayerische Meisterschaft 2003"]
[Site "Bad Wiessee"]
[Date "2003.11.09"]
[Round "2"]
[White "Zill, Christoph"]
[Black "Demir, Bilal"]
[Result "1/2-1/2"]
[WhiteElo "2295"]
[BlackElo "2109"]
[PlyCount "34"]
[EventDate "2003.11.08"]

1. e4 e6 2. d3 d5 3. Nd2 Nf6 4. Ngf3 b6 5. g3 dxe4 6. dxe4 Bc5 7. Bb5+ c6 8.
Bd3 e5 9. Nb3 Bd6 10. Qe2 O-O 11. Bd2 a5 12. Bc3 Qe7 13. Nbd2 b5 14. b3 a4 15.
Rb1 axb3 16. axb3 Na6 17. Ra1 Bh3 1/2-1/2

[Event "7. Bayerische Meisterschaft 2003"]
[Site "Bad Wiessee"]
[Date "2003.11.09"]
[Round "2"]
[White "Krieger, Hermann"]
[Black "Teich, Udo"]
[Result "1/2-1/2"]
[WhiteElo "2284"]
[BlackElo "2100"]
[PlyCount "36"]
[EventDate "2003.11.08"]

1. e4 c5 2. Nf3 Nf6 3. e5 Nd5 4. Nc3 e6 5. Nxd5 exd5 6. d4 Nc6 7. dxc5 Bxc5 8.
Be2 O-O 9. O-O d6 10. exd6 Qxd6 11. c3 a5 12. Qd3 h6 13. Rd1 Rd8 14. g3 Be6 15.
Bf4 Qe7 16. Rd2 d4 17. Nxd4 Nxd4 18. cxd4 Rxd4 1/2-1/2

[Event "7. Bayerische Meisterschaft 2003"]
[Site "Bad Wiessee"]
[Date "2003.11.09"]
[Round "2"]
[White "Kraemer, Stefan"]
[Black "Ehrke, Michael"]
[Result "0-1"]
[WhiteElo "2078"]
[BlackElo "2223"]
[PlyCount "24"]
[EventDate "2003.11.08"]

1. e4 e5 2. Nf3 Nc6 3. d4 exd4 4. Nxd4 Bc5 5. Nxc6 Qf6 6. Qd2 dxc6 7. Nc3 Bd4
8. Bd3 Ne7 9. O-O Ng6 10. Kh1 Ne5 11. f4 Ng4 12. Nd1 Nxh2 0-1

[Event "7. Bayerische Meisterschaft 2003"]
[Site "Bad Wiessee"]
[Date "2003.11.09"]
[Round "2"]
[White "Bischoff, Klaus"]
[Black "Vogiatzis, Joannis"]
[Result "1-0"]
[WhiteElo "2564"]
[BlackElo "2036"]
[PlyCount "65"]
[EventDate "2003.11.08"]

1. c4 Nf6 2. Nc3 e6 3. d4 Bb4 4. Qc2 c5 5. dxc5 Qa5 6. Bd2 Bxc5 7. e3 Nc6 8. a3
Be7 9. Nd5 Qd8 10. Nxe7 Qxe7 11. Nf3 b6 12. Be2 Bb7 13. O-O O-O 14. Rfd1 Rfd8
15. b4 d5 16. b5 Nb8 17. cxd5 Bxd5 18. Bb4 Qe8 19. Ne5 Rc8 20. Qb2 Nbd7 21.
Rac1 Nxe5 22. Qxe5 Bb3 23. Re1 Qd7 24. Qb2 Bd5 25. f3 Rxc1 26. Rxc1 Rc8 27. Rd1
Qc7 28. e4 Ba8 29. Qd4 h6 30. Bf1 Bb7 31. Bd6 Qd7 32. Be5 Qxd4+ 33. Rxd4 1-0

[Event "7. Bayerische Meisterschaft 2003"]
[Site "Bad Wiessee"]
[Date "2003.11.09"]
[Round "2"]
[White "Lorscheid, Gerhard"]
[Black "Klaus, Daniel"]
[Result "1-0"]
[WhiteElo "2297"]
[BlackElo "2024"]
[PlyCount "39"]
[EventDate "2003.11.08"]

1. d4 d5 2. c4 c6 3. Nc3 Nf6 4. e3 a6 5. Bd3 e6 6. Nf3 dxc4 7. Bxc4 b5 8. Bd3
Bb7 9. O-O Nbd7 10. Qe2 c5 11. Rd1 Qb6 12. Bd2 Be7 13. a4 c4 14. Bc2 Rc8 15.
axb5 axb5 16. b3 Nd5 17. bxc4 Nxc3 18. Bxc3 b4 19. c5 Bxc5 20. dxc5 1-0

[Event "7. Bayerische Meisterschaft 2003"]
[Site "Bad Wiessee"]
[Date "2003.11.09"]
[Round "2"]
[White "Hertneck, Gerald"]
[Black "Schwarz, Hans"]
[Result "1-0"]
[WhiteElo "2524"]
[BlackElo "2186"]
[PlyCount "81"]
[EventDate "2003.11.08"]

1. d4 e6 2. c4 f5 3. g3 Nf6 4. Bg2 Be7 5. Nc3 O-O 6. Nh3 d6 7. b3 Nbd7 8. Nf4
Nb6 9. Nd3 c6 10. Qc2 a5 11. O-O Qe8 12. e4 d5 13. exd5 exd5 14. c5 Nbd7 15.
Na4 Ne4 16. f3 Bf6 17. Bb2 Ng5 18. Rae1 Qf7 19. Nf4 Re8 20. Rxe8+ Qxe8 21. h4
Qe3+ 22. Kh2 Ne6 23. Nxe6 Qxe6 24. Bh3 Qe3 25. Bxf5 g6 26. Qd3 Qe7 27. Bh3 Nf8
28. f4 Bxh3 29. Kxh3 Re8 30. f5 g5 31. hxg5 Bxg5 32. Bc3 Qg7 33. Re1 Rxe1 34.
Bxe1 Nd7 35. Qe2 Qh6+ 36. Kg2 Be3 37. Bxa5 Bxd4 38. Bd2 Qf6 39. Qg4+ Kf7 40. b4
Ne5 41. Qxd4 1-0